| 000 | 01466nam a2200169 a 4500 | ||
|---|---|---|---|
| 008 | 160426c20079999||||||||||||||||| || u | ||
| 050 | _aCD/HJ 9111 Par | ||
| 245 | 0 | 0 |
_aParticipatory budgeting, part III: country case studies on civic participation in subnational budgeting _cedited by Anwar Shah _h[cd-rom] |
| 260 |
_aWashington, D. C. _bWorld Bank _c2007 |
||
| 300 | _aCD-ROM | ||
| 350 | _a0.00 | ||
| 500 | _aContents: Bangladesh: Civic Participation in Subnational Budgeting/ Atiur Rahman, Mahfuz Kabir, and Mohammad A. Razzaque India: Civic Participation in Subnational Budgeting/ Samuel Paul The Philippines: Civic Participation in Local Governance-Focus on Subnational Budgeting and Planning/ Alex B. Brillantes, Jr. Russia: Civic Participation in Subnational Budgeting/ Elena Krylova South Africa: Civic Participation in Local Government Policy Making and Budget Processes/ Adrienne Shall Thailand: Civic Participation in Subnational Budgeting/ Charas Suwanmala Ukraine: Civic Participation in Subnational Budgeting/ Elena Krylova | ||
| 650 | _aLOCAL BUDGETS--CITIZEN PARTICIPATION--CASE STUDIES | ||
| 650 | _aLOCAL FINANCE--CASE STUDIES | ||
| 856 | _uhttp://www-wds.worldbank.org/external/default/WDSContentServer/WDSP/IB/2012/07/12/000386194_20120712040940/Rendered/PDF/394980v20pub0Box370060B00PUBLIC0.pdf | ||
| 995 |
_FCBU-MAIN LIBRARY (Kitwe) _I0.00 _M1 _UAVAILABLE _WApr 26, 2016 _Ze-Media Collection |
||
| 999 |
_c53136 _d53136 |
||